| 000 | 00359nam a2200145Ia 4500 | ||
|---|---|---|---|
| 008 | 230917s9999||||xx |||||||||||||| ||und|| | ||
| 040 |
_e140005 _aMAIN |
||
| 041 | _aEnglish | ||
| 082 | _a954.5 F833L | ||
| 100 | _aFox, Richard G | ||
| 245 | 0 | _aLions of Punjab: Culture in the making | |
| 260 |
_aNew Delhi _bArchives _c1987 |
||
| 300 | _a251 p. | ||
| 942 | _cBK | ||
| 999 |
_c60653 _d60653 |
||